000 01136nam2a22002531 4500
001 RU\NLR\INFOCOMM19\1000065738
005 20250617063318.0
035 _a(NLR Aleph) 002524103
090 _a2790069
_c2790069
100 _a20040506d1968 |||y0rusy50 ca
101 0 _arus
102 _aRU
105 _ay |||||||||
200 1 _aЭлектрические установки на судах
_fДж.О. Уэтсон
210 _d1968
_aБ. м.
461 0 _1001RU\NLR\INFOCOMM19\1000065731
_12001#$aБюллетень по материалам Международной электротехнической комиссии$fМЭК$v№7
_92790051
_aМеждународная электротехническая комиссия
_cМ.
_d1967-
_fМЭК
_nИнформстандартэлектро
_tБюллетень по материалам Международной электротехнической комиссии
_v№7
700 1 _aУэтсон
_bДж.О.
_4070
801 1 _aRU
_bInfoComm
_c20040506
801 0 _aRU
_bNLR
_gPSBO
852 _aNLR
_jП52/50
942 _cISSUE
980 _aNB
980 _aRUSPER